ბათუმის შოთა რუსთაველის სახელმწიფო უნივერსიტეტის ბიბლიოთეკა

Овидий : (ბიბ.ჩანაწერი № 60912)

000 -LEADER
fixed length control field 00549nam a22001577a 4500
005 - DATE AND TIME OF LATEST TRANSACTION
control field 20231117113216.0
008 - FIXED-LENGTH DATA ELEMENTS--GENERAL INFORMATION
fixed length control field 231117s1967 ru ||||| |||| 00| 0 rus d
041 ## - LANGUAGE CODE
Language code of text/sound track or separate title rus
080 ## - UNIVERSAL DECIMAL CLASSIFICATION NUMBER
Universal Decimal Classification number 821.14.02 Д-74
100 ## - MAIN ENTRY--PERSONAL NAME
Personal name Дримба, О.
9 (RLIN) 20419
245 ## - TITLE STATEMENT
Title Овидий :
Remainder of title Поэт Рима и Том /
Statement of responsibility, etc. О. Дримба.
264 ## - PRODUCTION, PUBLICATION, DISTRIBUTION, MANUFACTURE, AND COPYRIGHT NOTICE
Place of production, publication, distribution, manufacture Бухарест :
Name of producer, publisher, distributor, manufacturer Меридиане,
Date of production, publication, distribution, manufacture, or copyright notice 1967.
300 ## - PHYSICAL DESCRIPTION
Extent 292 с.:
Other physical details ил.;
Dimensions 20 см.
653 ## - INDEX TERM--UNCONTROLLED
keyword ოვიდიუსი. რომის პოეტი და ტომი
942 ## - ADDED ENTRY ELEMENTS (KOHA)
Source of classification or shelving scheme
Koha item type წიგნი
ეგზემპლარები
Withdrawn status Lost status Source of classification or shelving scheme Damaged status Not for loan Permanent Location Current Location Shelving location Date acquired Cost, normal purchase price Full call number Barcode Date last seen Copy number Uniform Resource Identifier Price effective from Koha item type Public note
          ბათუმის შოთა რუსთაველის სახელმწიფო უნივერსიტეტის მთავარი ბიბლიოთეკა ბათუმის შოთა რუსთაველის სახელმწიფო უნივერსიტეტის მთავარი ბიბლიოთეკა წიგნსაცავი 2023-11-17 8.00 821.14.02 Д-74 65465 2023-11-17 65465 ბსუ-ს საპატიო დოქტორის გურამ ლორთქიფანიძის საჩუქარი 2023-11-17 წიგნი 8 ლ.